000 00792nab a2200241 u 4500
001 16396
003 HDC
007 cr bn ---aaaaa
008 210220c xx dr|noo 0 a eng d
040 _aHDC
245 3 _aAn Ultimate Foodventure like no other: MAFBEX 2017
260 _a[No place] :
_b[publisher not identified],
_c[no date]
336 _atext
_2rdacontent
337 _acomputer
_2rdamedia
338 _aonline resource
_2rdacarrier
650 _aFood industry and trade
_9140
650 _aMarketing
_9378
710 _aAsian Journal
856 _zRequest full-text at [email protected]
942 _2lcc
942 _cNEWS
942 _kNWSO 004242
999 _c13712
_d13712